Dvůr císaře Ferdinanda Dobrotivého a císařovny Marie Anny v Čechách
| Titel: | Dvůr císaře Ferdinanda Dobrotivého a císařovny Marie Anny v Čechách : (1848-1884) / Martin Aschenbrenner |
|---|---|
| Verfasser: | |
| Veröffentlicht: | Česká Lípa : vlastním nákladem, 2015 |
| Umfang: | 167 Seiten : Illustrationen, Porträts, Faksimiles |
| Format: | Buch |
| Sprache: | Tschechisch |
| ISBN: | 8026085493 ; 9788026085492 |
| Hinweise zum Inhalt: |
Inhaltsverzeichnis
Literaturverzeichnis Inhaltsverzeichnis |
alg: 39699298 001A $03004:19-12-16 001B $01999:09-06-23 $t23:18:19.000 001D $03004:19-12-16 001U $0utf8 001X $00 002@ $0Aau 002C $aText $btxt $2rdacontent 002D $aohne Hilfsmittel zu benutzen $bn $2rdamedia 002E $aBand $bnc $2rdacarrier 003@ $0396992986 004A $080-260-8549-3 004A $A978-80-260-8549-2 006L $0BV043244760 $2BVB 007A $0BV043244760 $aBVB 007G $0DE0203F562026AD9E5D69C12580900059601E 009P $A2 $3Inhaltsverzeichnis $uhttp://bvbr.bib-bvb.de:8991/F?func=service&doc_library=BVB01&local_base=BVB01&doc_number=028667057&line_number=0001&func_code=DB_RECORDS&service_type=MEDIA 009P $A2 $3Literaturverzeichnis $uhttp://bvbr.bib-bvb.de:8991/F?func=service&doc_library=BVB01&local_base=BVB01&doc_number=028667057&line_number=0002&func_code=DB_RECORDS&service_type=MEDIA 009P $qapplication/pdf $A2 $3Inhaltsverzeichnis $uhttp://scans.hebis.de/HEBCGI/show.pl?39699298_toc.pdf $mV:DE-603;B:DE-Mb50 010@ $acze 010E $erda 011@ $a2015 $n2015 021A $aDvůr císaře Ferdinanda Dobrotivého a císařovny Marie Anny v Čechách $d(1848-1884) $hMartin Aschenbrenner 028A $BVerfasser $4aut $71081377798 $8Aschenbrenner, Martin$Z20./21. Jh. [Tp3] $9368891062 033A $pČeská Lípa $nvlastním nákladem 034D $a167 Seiten 034M $aIllustrationen, Porträts, Faksimiles 041A $RMaria Anna $#FerdinandV. $#Ferdinand V. $#Ferdinand I. $#Ferdinand I. $#Ferdinand V. $#Ferdinand V $7118686747 $8$PFerdinand$nI.$lÖsterreich, Kaiser$Z1793-1875 [Tp1] $9087027569 041A/01 $RFerdinand $#Maria Anna Carolina Pia $#Maria Anna $#Marianne $7119446707 $8$PMaria Anna$lÖsterreich, Kaiserin$Z1803-1884 [Tp1] $9087786427 041A/02 $RTschechien $#Böhmische Kronländer $#Länder der Böhmischen Krone $#Sudetenland $#Böhmen $#Mähren $#Mährisch-Schlesien $#Österreichisch-Schlesien $#Tschechische Sozialistische Republik Böhmische Länder $#Tschechei Böhmische Länder $#Země koruny české $74069573-6 $8Böhmische Länder [Tg1] $9085195553 041A/03 $RHöfische Kultur $#Courts and courtiers $#Cour et courtisans $#Fürstenhof $#Höfische Gesellschaft $#Hofgesellschaft $#Hofleben Hof $#Hofhaltung $#Höfisches Leben $74025453-7 $8Hof [Ts1] $9085063347 045F $eDDC22ger 045F/01 $a900 045F/03 $f09034 045F/03 $g436 045G $eDDC22ger 045G/01 $a900 045G/03 $f09034 045G/03 $g4371 045H $a900.943609034 $eDDC23BSB 045H/01 $a900 045H/03 $f09034 045H/03 $f09041 045H/03 $g436 045H/03 $g4371 045R $aGeschichte 1848-1884 lok: 39699298 24 101B $019-12-16 $t12:33:43.000 101C $019-12-16 101U $0utf8 145Z/01 $a20 7 J 145Z/02 $a23 7 J exp: 39699298 24 1 #EPN 201B/01 $026-01-17 $t15:49:18.000 201C/01 $007-03-16 201U/01 $0utf8 203@/01 $0769383467 208@/01 $a19-12-16 $bz 209A/01 $a16.03838 $du $f050 $h16 03838 $x00 209C/01 $a16.03838 K $h16 03838 K 209G/01 $a73607469 $x00 220C/01 $akon 244Z/01 $#Ferdinand V. $#Ferdinand V. $#Ferdinand I. $#Ferdinand I. $#Ferdinand V. $#Ferdinand V $7118686747 $8--Tp1--$PFerdinand$nI.$lÖsterreich, Kaiser$Z1793-1875 $x01 $9087027569 244Z/01 $#Maria Anna Carolina Pia $#Maria Anna $#Marianne $7119446707 $8--Tp1--$PMaria Anna$lÖsterreich, Kaiserin$Z1803-1884 $x02 $9087786427 247C/01 $8358050-7 Marburg, Bibliothek des Herder-Instituts Marburg $9102600961 lok: 39699298 78 exp: 39699298 78 1 #EPN 201B/01 $015-11-19 $t13:53:09.000 201C/01 $015-11-19 201U/01 $0utf8 203@/01 $0107042384X 208@/01 $a15-11-19 $be 209A/01 $a/ $f000 $x00 209A/01 $ab*p $x01 220C/01 $aeja 244Z/01 $#Böhmische Kronländer $#Länder der Böhmischen Krone $#Sudetenland $#Böhmen $#Mähren $#Mährisch-Schlesien $#Österreichisch-Schlesien $#Tschechische Sozialistische Republik Böhmische Länder $#Tschechei Böhmische Länder $#Země koruny české $74069573-6 $8--Tg1--Böhmische Länder $x03 $9085195553 247C/01 $82080>Marburg/Lahn, Herder-Institut, Forschungsbibliothek, Bibliographieportal $9336309341
| LEADER | 00000cam a2200000 c 4500 | ||
|---|---|---|---|
| 001 | 396992986 | ||
| 003 | DE-603 | ||
| 005 | 20230609231819.0 | ||
| 007 | tu | ||
| 008 | 161219s2015 xx |||| | u00||u|cze c | ||
| 020 | |a 8026085493 | ||
| 020 | |a 9788026085492 | ||
| 035 | |a (DE-599)BVBBV043244760 | ||
| 035 | |a (DE-604)BV043244760 | ||
| 040 | |a DE-603 |b ger |c DE-603 |d DE-603 |e rda | ||
| 041 | |a cze | ||
| 083 | 0 | |8 3\u |a 900.943609034 |q DE-101 |2 23/BSB | |
| 085 | |8 1\u |b 900 | ||
| 085 | |8 1\u |z 1 |s 09034 | ||
| 085 | |8 1\u |z 2 |s 436 | ||
| 085 | |8 2\u |b 900 | ||
| 085 | |8 2\u |z 1 |s 09034 | ||
| 085 | |8 2\u |z 2 |s 4371 | ||
| 085 | |8 3\u |b 900 | ||
| 085 | |8 3\u |z 1 |s 09034 | ||
| 085 | |8 3\u |z 1 |s 09041 | ||
| 085 | |8 3\u |z 2 |s 436 | ||
| 085 | |8 3\u |z 2 |s 4371 | ||
| 100 | 1 | |a Aschenbrenner, Martin |d 20./21. Jh. |e Verfasser |4 aut |0 (DE-603)368891062 |0 (DE-588)1081377798 |2 gnd | |
| 245 | 0 | 0 | |a Dvůr císaře Ferdinanda Dobrotivého a císařovny Marie Anny v Čechách |b (1848-1884) |c Martin Aschenbrenner |
| 264 | 1 | |a Česká Lípa |b vlastním nákladem |c 2015 | |
| 300 | |a 167 Seiten |b Illustrationen, Porträts, Faksimiles | ||
| 336 | |a Text |b txt |2 rdacontent | ||
| 337 | |a ohne Hilfsmittel zu benutzen |b n |2 rdamedia | ||
| 338 | |a Band |b nc |2 rdacarrier | ||
| 600 | 0 | 7 | |a Ferdinand |b I. |c Österreich, Kaiser |d 1793-1875 |0 (DE-588)118686747 |0 (DE-603)087027569 |2 gnd |
| 600 | 0 | 7 | |a Maria Anna |c Österreich, Kaiserin |d 1803-1884 |0 (DE-588)119446707 |0 (DE-603)087786427 |2 gnd |
| 648 | 7 | |a Geschichte 1848-1884 |2 gnd | |
| 650 | 7 | |a Hof |0 (DE-588)4025453-7 |0 (DE-603)085063347 |2 gnd | |
| 651 | 7 | |a Böhmische Länder |0 (DE-588)4069573-6 |0 (DE-603)085195553 |2 gnd | |
| 856 | 4 | 2 | |u http://bvbr.bib-bvb.de:8991/F?func=service&doc_library=BVB01&local_base=BVB01&doc_number=028667057&line_number=0001&func_code=DB_RECORDS&service_type=MEDIA |3 Inhaltsverzeichnis |
| 856 | 4 | 2 | |u http://bvbr.bib-bvb.de:8991/F?func=service&doc_library=BVB01&local_base=BVB01&doc_number=028667057&line_number=0002&func_code=DB_RECORDS&service_type=MEDIA |3 Literaturverzeichnis |
| 856 | 4 | 2 | |m V:DE-603;B:DE-Mb50 |q application/pdf |u http://scans.hebis.de/HEBCGI/show.pl?39699298_toc.pdf |3 Inhaltsverzeichnis |
| 924 | 0 | |9 Mb 50 |a (DE-603)769383467 |b DE-Mb50 |c HES |d c |g 16.03838 | |
| 924 | 0 | |9 2080 |a (DE-603)107042384X |b DE-2080 |c HES |d d |g / | |


